000 00448nam a2200181Ia 4500
001 7597
005 20260306160507.0
008 260306t2008||||xx |||||||||||||| ||spa||
041 _aESP
082 _a352.14
_bD44 2008
100 _aPerú. Defensoría del Pueblo
_eAUT
245 0 _a¿Uso o abuso de la autonomía municipal?
260 _c2008
300 _a262 páginas :
_ccm.
650 _aGEN
654 _aCAN
942 _cLIB
_dJUS
_fJUS
_2ddc
_n
999 _c7597
_d7597